000 00335nam a2200133Ia 4500
003 LDD
008 190117s9999 xx 000 0 und d
020 _c₹20
040 _cLDD
041 _ahi
100 _aबालकृष्ण
245 0 _aविज्ञान की बाते
_cबालकृष्ण
942 _2ddc
_cH
999 _c164735
_d164735